Pokémon - Attaques inventées en 1ère génération (RBJ) - Statistiques

Statistiques générales
  • Ce quiz a été pris 995 fois
  • Le résultat moyen est 88 sur 164
Statistiques - réponses
Type de quiz Attaque % Correct
Vol Vol
95%
Normal Charge
93%
Eau Surf
93%
Electrique Tonnerre
90%
Electrique Eclair
89%
Glace Laser glace
89%
Sol Séisme
89%
Electrique Fatal-foudre
88%
Feu Lance flamme
88%
Psy Psyko
88%
Feu Flammèche
87%
Feu Deflagration
84%
Normal Coupe
83%
Vol Mimique
83%
Eau Pistolet à O
83%
Electrique Cage-éclair
81%
Normal Griffe
81%
Normal Force
79%
Plante Fouet liane
79%
Eau Hydrocanon
79%
Normal Rugissement
79%
Glace Blizzard
78%
Normal Ultralaser
77%
Poison Dard-venin
76%
Plante Poudre dodo
76%
Sol Tunnel
76%
Psy Choc mental
74%
Normal / Tenebres Morsure
74%
Roche Eboulement
73%
Dragon Draco-rage
72%
Eau Ecume
72%
Normal / Vol Tornade
72%
Plante Tranch'herbe
72%
Sol Abîme
71%
Plante Lance-soleil
71%
Electrique Poing-éclair
71%
Poison Toxik
71%
Plante Vol-vie
71%
Roche Jet-pierre
70%
Feu Poing feu
70%
Plante Para-spore
69%
Vol Picpic
69%
Normal Armure
68%
Poison Poudre toxik
68%
Normal Tranche
68%
Vol Cru-aile
67%
Psy Hypnose
67%
Normal Vive-attaque
67%
Plante Mega-sangsue
66%
Eau Bulles d'o
65%
Normal Flash
65%
Normal / Sol Jet sable
65%
Insecte Sécrétion
65%
Plante Vampigraine
64%
Eau Cascade
62%
Normal Groz'yeux
62%
Normal Ultimawashi
62%
Feu Danseflamme
61%
Spectre Léchouille
61%
Psy Rafale psy
61%
Psy Repos
61%
Normal Belier
60%
Normal Soin
59%
Normal Plaquage
57%
Insecte Vampirisme
57%
Normal Ligotage
56%
Combat Poing-karaté
56%
Poison Acide
55%
Vol Piqué
55%
Glace Poinglace
55%
Normal Ultimapoing
55%
Normal Combo-griffe
54%
Psy Devorêve
54%
Normal Explosion
53%
Combat Frappe atlas
53%
Normal Berceuse
52%
Normal Damoclès
52%
Psy Hâte
52%
Spectre Onde folie
52%
Spectre Ténèbres
52%
Normal / Vol Cyclone
50%
Normal Destruction
50%
Combat Double pied
50%
Normal Ecras'face
50%
Glace Onde boréale
50%
Normal Trempette
50%
Normal Empal'korne
49%
Normal Koud'korne
49%
Eau Repli
49%
Normal Boul'armure
48%
Normal Etreinte
48%
Normal Mimi-queue
48%
Normal Morphing
48%
Psy Amnésie
47%
Vol Bec Vrille
47%
Normal Hurlement
47%
Psy Protection
47%
Normal Ultrason
47%
Poison Acidarmure
46%
Combat Balayage
46%
Plante Danse-fleur
46%
Normal Danse-lames
46%
Psy Mur lumière
46%
Plante Spore
46%
Psy Téléport
46%
Normal Reflet
45%
Glace Brume
44%
Insecte Dard nuée
44%
Psy Vague psy
44%
Poison Detritus
43%
Normal Ecrasement
43%
Combat Pied voltige
43%
Normal Coud'boule
42%
Poison Gaz toxik
42%
Psy Télékinésie
42%
Normal Bomb'oeuf
41%
Normal Croc de mort
41%
Normal E-coque
41%
Normal Coud'krane
40%
Normal Grincement
40%
Normal Lilliput
40%
Normal Croc fatal
39%
Combat Sacrifice
39%
PSy Bouclier
38%
Normal Jackpot
38%
Normal Constriction
37%
Normal Météores
37%
Normal Métronome
37%
Glace Buée noire
36%
Insecte Double dard
36%
Normal Furie
36%
Poison Purédpois
36%
Normal Guillotine
35%
Combat Mawashi geri
35%
Normal Patience
35%
Eau Claquoir
34%
Normal Intimidation
33%
Normal Mania
33%
Combat Pied sauté
33%
Normal Brouillard
32%
Sol Mass'd'os
32%
Sol Osmerang
32%
Combat Riposte
32%
Normal Torgnoles
32%
Normal Triplattaque
32%
Normal Clonage
31%
Eau Pince-masse
31%
Normal Sonicboom
31%
Normal Puissance
30%
Normal Frénésie
28%
Normal Grobisou
28%
Normal Poing comète
28%
Normal Coupe-vent
27%
Normal Croissance
27%
Normal Entrave
27%
Psy Yoga
27%
Normal Copie
25%
Normal Picanon
25%
Normal Souplesse
25%
Normal Adaptation
22%
Normal Pilonnage
21%
Normal Affutage
19%
Normal Force poigne
19%
Normal Upercut
17%
Aucun quiz correspondant
Distribution des résultats
% des personnes avec chaque résultat
Percentile par nombre de réponses
Votre historique - résultats
Vous n’avez pas pris ce quiz